| 000 | 00395cam a2200169ua 4500 | ||
|---|---|---|---|
| 020 | _c7.50 | ||
| 041 |
_amal _h |
||
| 082 |
_a894.812308 _bMUR/GH |
||
| 100 | _aMuraski, . | ||
| 245 |
_aGhanjiyude katha / _cMuraski. _hTextual Documents |
||
| 260 |
_aNew Delhi : _bSahitya Academy , _c1965. |
||
| 300 | _a290 ; . | ||
| 365 | _a7.50 | ||
| 504 | _a | ||
| 942 | _cBK | ||
| 999 |
_c5239 _d5239 |
||